Namibia : 2013 Article IV Consultation-Staff Report; Press Release.

This 2013 Article IV consultation highlights Namibia's positive growth record over the years, which has raised overall incomes and led to positive economic outcomes. However, growth has not translated into sufficient job creation, and unemployment and income inequality are persistently high. Re...

Ամբողջական նկարագրություն

Մատենագիտական մանրամասներ
Համատեղ հեղինակ: International Monetary Fund. African Dept
Ձևաչափ: Ամսագիր
Լեզու:English
Հրապարակվել է: Washington, D.C. : International Monetary Fund, 2014.
Շարք:IMF Staff Country Reports; Country Report ; No. 2014/040
Առցանց հասանելիություն:Full text available on IMF
LEADER 01932cas a2200241 a 4500
001 AALejournalIMF014206
008 230101c9999 xx r poo 0 0eng d
020 |c 5.00 USD 
020 |z 9781475518450 
022 |a 1934-7685 
040 |a BD-DhAAL  |c BD-DhAAL 
110 2 |a International Monetary Fund.  |b African Dept. 
245 1 0 |a Namibia :   |b 2013 Article IV Consultation-Staff Report; Press Release. 
264 1 |a Washington, D.C. :  |b International Monetary Fund,  |c 2014. 
300 |a 1 online resource (58 pages) 
490 1 |a IMF Staff Country Reports 
500 |a <strong>Off-Campus Access:</strong> No User ID or Password Required 
500 |a <strong>On-Campus Access:</strong> No User ID or Password Required 
506 |a Electronic access restricted to authorized BRAC University faculty, staff and students 
520 3 |a This 2013 Article IV consultation highlights Namibia's positive growth record over the years, which has raised overall incomes and led to positive economic outcomes. However, growth has not translated into sufficient job creation, and unemployment and income inequality are persistently high. Real GDP growth is expected to moderate to 4 percent in 2013 from 5 percent in 2012 reflecting weak global demand for exports partially offset by solid growth in domestic demand. Given the uncertain external environment, the IMF staff recommends that the authorities pursue 'growth-friendly' fiscal consolidation, reining in unproductive current spending while protecting growth-promoting capital spending. The IMF staff also welcomes efforts by the government to look into ways to steer a gradual reduction of the wage bill, which would improve labor market outcomes. 
538 |a Mode of access: Internet 
830 0 |a IMF Staff Country Reports; Country Report ;  |v No. 2014/040 
856 4 0 |z Full text available on IMF  |u http://elibrary.imf.org/view/journals/002/2014/040/002.2014.issue-040-en.xml  |z IMF e-Library